| 000 | 01023aab a2200241 i 4500 | ||
|---|---|---|---|
| 001 | 768714001 | ||
| 003 | CO-MdFUSB | ||
| 005 | 20240806112440.0 | ||
| 008 | 240806t1997 -us||||| |||| 00| 0 eng d | ||
| 040 |
_bspa _cCO-MdFUSB |
||
| 041 | _aeng | ||
| 100 | 1 |
_aPierad, Richard V. _eautor |
|
| 245 | 1 | 0 |
_aShaking the foundations : _bWorld war I, the western allies and german protestant mission _c/ Richard V. Pierad |
| 520 | _aEste artículo mostró que la lealtad última de quienes proclamaban el Evangelio no era hacia Cristo y su iglesia, sino hacia los estados nacionales y su ideología, que se convirtió en un sustituto de la fe cristiana. | ||
| 546 | _aTexto en inglés. | ||
| 650 | 0 |
_aMisiones _9154 |
|
| 650 | 7 |
_aCristianismo y cultura _vHistoria _96963 |
|
| 650 | 7 |
_aDerechos humanos _9296 |
|
| 650 | 7 |
_aReligiones _9386 |
|
| 773 | 0 |
_tInternational Bulletin _049483 _961007 _gVolumen 22, (número 1, 1998), páginas: 13 - 19 _qpágina: 13 |
|
| 942 | _cANA | ||
| 945 | _aCatherine Arias Álvarez - Practicante SENA | ||
| 999 |
_c57343 _d57343 |
||